00330nam a2200133Ia 4500008004100000020000500041082001800046100001500064245002800079260004100107300000700148650002600155650001500181140316s9999 xx 000 0 und d a a321.8bPAT/PA aPathak,G S aParliamentary democracy aBombaybBharatiya vidya bhavanc1971 a42 ademocratic government aFederalism